Социология: пер. с англ.

מידע ביבליוגרפי
מחבר ראשי: Масионис Дж. Джон
שפה:רוסית
יצא לאור: СПб., Питер, 2004
מהדורה:9-е изд.
נושאים:
פורמט: MixedMaterials ספר
KOHA link:https://koha.lib.tpu.ru/cgi-bin/koha/opac-detail.pl?biblionumber=63327

MARC

LEADER 00000nam0a2200000 4500
001 63327
005 20231101212045.0
010 |a 5947236494 
035 |a (RuTPU)RU\TPU\book\67214 
090 |a 63327 
100 |a 20040511d2004 k y0rusy50 ca 
101 1 |a rus  |c eng 
102 |a RU 
105 |a a z 001zd 
200 1 |a Социология  |e пер. с англ.  |f Дж. Масионис 
205 |a 9-е изд. 
210 |a СПб.  |c Питер  |d 2004 
215 |a 752 с.  |c ил. 
320 |a Алфавитный указатель: с. 748-752. 
600 1 |a Вебер  |g Макс  |b М.  |c немецкий социолог, историк, экономист и юрист  |f 1864-1920  |2 stltpui  |3 (RuTPU)RU\TPU\pers\73 
600 1 |a Маркс  |g Карл  |b К.  |c немецкий мыслитель  |c общественный деятель  |c основоположник марксизма  |f 1818 - 1883  |2 stltpui  |3 (RuTPU)RU\TPU\pers\297 
600 1 |a Дюркгейм  |b Э.  |f 1858 - 1917  |g Эмиль  |c основатель французской социологической школы  |2 stltpush  |3 (RuTPU)RU\TPU\pers\5942 
606 1 |a Социология  |2 stltpush  |3 (RuTPU)RU\TPU\subj\67656  |9 83377 
610 1 |a социология 
610 1 |a теория 
610 1 |a социологический подход 
610 1 |a социологические исследования 
610 1 |a методы 
610 1 |a общество 
610 1 |a культура 
610 1 |a индустриальное общество 
610 1 |a постиндустриальное общество 
610 1 |a социализация 
610 1 |a социальное взаимодействие 
610 1 |a социальные группы 
610 1 |a девиантность 
610 1 |a сексуальность 
610 1 |a социальное неравенство 
610 1 |a социальная стратификация 
610 1 |a социальные классы 
610 1 |a социальная мобильность 
610 1 |a бедность 
610 1 |a США 
610 1 |a гендер 
610 1 |a гендерная социализация 
610 1 |a расы 
610 1 |a этничность 
610 1 |a дискриминация 
610 1 |a социальные институты 
610 1 |a экономические системы 
610 1 |a корпорации 
610 1 |a глобальная экономика 
610 1 |a политика 
610 1 |a власть 
610 1 |a войны 
610 1 |a семья 
610 1 |a религия 
610 1 |a образование 
610 1 |a школьное образование 
610 1 |a Индия 
610 1 |a Япония 
610 1 |a Великобритания 
610 1 |a социальные изменения 
610 1 |a социальные движения 
610 1 |a современность 
610 1 |a информационные технологии 
686 |a С5  |v LBC/SL-A  |2 rubbk 
700 1 |a Масионис  |b Дж.  |g Джон 
801 1 |a RU  |b 63413507  |c 20040511  |g PSBO 
801 2 |a RU  |b 63413507  |c 20151209  |g PSBO 
942 |c BK 
959 |a 119/20040924  |d 2  |e 240  |f ЧЗГЛ:1  |f АНЛ:1